Memoria relativa al primer período de su gestión, que presenta el Excmo. Sr. Ministro de Fomento / (Record no. 102036)

MARC details
000 -LEADER
campo de control de longitud fija 00781nam a2200181 i 4500
001 - NÚMERO DE CONTROL
campo de control 102036
003 - IDENTIFICADOR DE NÚMERO DE CONTROL
campo de control ES-MaACL
005 - FECHA Y HORA DE LA ÚLTIMA TRANSACCIÓN
campo de control 20230906183032.0
007 - CAMPO FIJO DE DESCRIPCIÓN FÍSICA--INFORMACIÓN GENERAL
campo de control de longitud fija t|
008 - DATOS DE LONGITUD FIJA--INFORMACIÓN GENERAL
campo de control de longitud fija 051102s1913 sp ||||1| spa d
245 00 - MENCIÓN DEL TÍTULO
Título Memoria relativa al primer período de su gestión, que presenta el Excmo. Sr. Ministro de Fomento /
Mención de responsabilidad, etc. Junta de Patronato de Ingenieros y Obreros Pensionados en el Extranjero.
260 ## - PUBLICACIÓN, DISTRIBUCIÓN, ETC.
Lugar de publicación, distribución, etc. Madrid :
Nombre del editor, distribuidor, etc. [s.n.],
Fecha de publicación, distribución, etc. 1913 (
Fabricante Suc. de M. Minuesa de los Ríos)
300 ## - DESCRIPCIÓN FÍSICA
Extensión 187 p., 33 lám. :
Otras características físicas il. ;
Dimensiones 23 cm.
610 2# - PUNTO DE ACCESO ADICIONAL DE MATERIA--NOMBRE DE ENTIDAD CORPORATIVA
Nombre de entidad corporativa o nombre de jurisdicción como elemento de entrada Junta de Pensiones de Ingenieros y Obreros en el Extranjero.
9 (RLIN) 172461
650 #4 - PUNTO DE ACCESO ADICIONAL DE MATERIA--TÉRMINO DE MATERIA
Término de materia o nombre geográfico como elemento de entrada Trabajadores-
Subdivisión general Formación profesional.
9 (RLIN) 164831
710 2# - ENTRADA AGREGADA--NOMBRE DE ENTIDAD CORPORATIVA
Nombre de entidad corporativa o nombre de jurisdicción como elemento de entrada Junta de Pensiones de Ingenieros y Obreros en el Extranjero.
9 (RLIN) 172461
852 ## - LOCALIZACIÓN
Ubicación ES-MaACL
Número de control de estantería F-184
Holdings
Estatus retirado Estado de pérdida Estado de daño No para préstamo Biblioteca de origen Biblioteca actual Ubicación en estantería Fecha de adquisición Fuente de adquisición Total de préstamos Signatura topográfica completa Código de barras Visto por última vez Precio de reemplazo Tipo de ítem Koha
        Biblioteca del Ateneo de Madrid Biblioteca del Ateneo de Madrid Depósito 2 17/01/2008     F-184 1106521 23/02/2023 23/02/2023 Libro impreso